Law of marriage and matrimonial reliefs for Christians in India : (Record no. 965)

MARC details
000 -LEADER
fixed length control field 01284cam a2200361 a 4500
001 - CONTROL NUMBER
control field 612171
003 - CONTROL NUMBER IDENTIFIER
control field GBCCL
005 - DATE AND TIME OF LATEST TRANSACTION
control field 20241126110350.0
008 - FIXED-LENGTH DATA ELEMENTS--GENERAL INFORMATION
fixed length control field 920410s1991 ii b 001 0 eng
010 ## -
-- 91907738
020 ## - INTERNATIONAL STANDARD BOOK NUMBER
Terms of availability Rs90.00
025 ## - OVERSEAS ACQUISITION NUMBER
Overseas acquisition number I-E-65479
040 ## - CATALOGING SOURCE
Original cataloging agency DLC
Transcribing agency DLC
Modifying agency DLC
043 ## -
-- a-ii---
050 00 -
-- KNS543
-- .P56 1991
082 00 - DEWEY DECIMAL CLASSIFICATION NUMBER
Classification number 346.54016
Edition information 20
Item number PIN
100 1# - MAIN ENTRY--PERSONAL NAME
Personal name Pinto, William E.
9 (RLIN) 1586
245 10 - TITLE STATEMENT
Title Law of marriage and matrimonial reliefs for Christians in India :
Remainder of title a juridical evaluation of Canon Law and civil law /
Statement of responsibility, etc. William E. Pinto.
260 ## - PUBLICATION, DISTRIBUTION, ETC.
Place of publication, distribution, etc. Bangalore :
Name of publisher, distributor, etc. Theological Publications in India,
Date of publication, distribution, etc. 1991.
300 ## - PHYSICAL DESCRIPTION
Extent xxxviii, 381 p. ;
Dimensions 23 cm.
500 ## - GENERAL NOTE
General note Includes index.
504 ## - BIBLIOGRAPHY, ETC. NOTE
Bibliography, etc. note Includes bibliographical references (p. 201-211).
650 #0 - SUBJECT ADDED ENTRY--TOPICAL TERM
Topical term or geographic name entry element Marriage law
Geographic subdivision India.
9 (RLIN) 1587
650 #0 - SUBJECT ADDED ENTRY--TOPICAL TERM
Topical term or geographic name entry element Marriage
General subdivision Annulment
Geographic subdivision India.
9 (RLIN) 1588
650 #0 - SUBJECT ADDED ENTRY--TOPICAL TERM
Topical term or geographic name entry element Divorce
General subdivision Law and legislation
Geographic subdivision India.
9 (RLIN) 1589
650 #0 - SUBJECT ADDED ENTRY--TOPICAL TERM
Topical term or geographic name entry element Christians
General subdivision Legal status, laws, etc.
Geographic subdivision India.
9 (RLIN) 1590
650 #0 - SUBJECT ADDED ENTRY--TOPICAL TERM
Topical term or geographic name entry element Marriage (Canon law)
9 (RLIN) 1591
650 #0 - SUBJECT ADDED ENTRY--TOPICAL TERM
Topical term or geographic name entry element Marriage
General subdivision Annulment (Canon law)
9 (RLIN) 1592
650 #0 - SUBJECT ADDED ENTRY--TOPICAL TERM
Topical term or geographic name entry element Divorce (Canon law)
9 (RLIN) 1593
906 ## - LOCAL DATA ELEMENT F, LDF (RLIN)
a 7
b cbc
c orignew
d 3
e ncip
f 19
g y-gencatlg
942 ## - ADDED ENTRY ELEMENTS (KOHA)
Source of classification or shelving scheme Dewey Decimal Classification
Koha item type Books
Koha issues (borrowed), all copies 3
Holdings
Withdrawn status Lost status Source of classification or shelving scheme Damaged status Not for loan Home library Current Library Shelving location Date acquired Total checkouts Full call number Barcode Date last seen Date last checked out Copy number Price effective from Koha item type
    Dewey Decimal Classification     GRACE BIBLE COLLEGE GRACE BIBLE COLLEGE General Studies 2017-03-31 4 346.54016 PIN 003229 2025-05-01 2023-09-11 c.1 2017-03-31 Books
© Grace Bible College Library 2025